Statistiques concernant Joueur de foot brésilien par championnat

Cliquez ici pour prendre le quiz!

Statistiques générales

  • Ce quiz a été pris 166 fois
  • Le résultat moyen est 6 sur 11

Statistiques - réponses

ChampionnatRéponse% Correct
Premier LeagueSouza/Casemiro/Richarlison/Julio/Carlos/Danilo/
Antony/Ederson/Martinelli/Neto/Pereira/Felipe/Becker/
França/Magalhães/Muniz/Santos/Pitaluga/Gomes/
Jesus/Willian/Murillo/Joelinton/Cunha/Silva/Vinícius/
Vitinho/Guimarães/Paquetá/Washington/Royal/Pedro/
Luiz/Martins/Sara/Wesley/Felipe/Santos/Rodrigues/Cazé
94%
Saudi Pro LeagueVitinho/Bruno Viana/Roberto Firmino/Alex Telles/Mateus/Romarinho/Paulo Ricardo/Ibañez/Carlos Junior/João Pedro/Marcelo Grohe/Vina/Michael/Iago Santos/Ricardo Ryller/Igor Coronado/Flavio/Malcom/Victor Braga/Paulo Vitor/Fabinho/Mailson/Neymar/Anselmo/Talisca/Péricles Chamusca/Paulo Victor/Odair Hellmann/Marcelo Salazar/Girotto
93%
Liga NosFontes/Victor/Silva/Madson/Dener/Roberto/Neres/Cassiano/
Murilo/Jaba/Jhonatan/Rildo/Lucas Paes/Pepe Aquino/Wallisson/
Luiz Felipe/Ronald/Vitor Carvalho/Carlinhos/Riccieli/Caio Secco/
Zinho/Quaresma/Joao Victor/Marcelo Carne/Andrew/Leo Cordeiro/Cesar/Vinicius/Neto/Wendell/Andre Silva/Bruno Duarte/
Hevertton Santos/Aderllan Santos/Pedrao/Luiz Junior/Marcelo/
Fabricio Isidoro/Vitinho/Arthur Cabral/Jo/Marlon/Erivaldo Almeida/
Luis Pires/Igor Formiga/Clayton/Galeno/Alisson Safira/Kauan Firmino/
Bruno Brigido/Magrao/Joao Victor/Gustavo Assuncao/Maracas/Claudio Falcao/Weverson/Matheus Reis/Rodrigo Moura/Gabriel Pereira/
Victor Ferreira/Kewin/Gabriel Souza/Felippe Cardoso/Gabriel Veron/
Charles/Igor Rossi/Gustavo Henrique/Patrick William/Mauricio/Otavio/
Alan/Mattheus Oliveira/Thiago/Diego Callai/Hugo Souza/Vinicius Dias/Andre Luiz/Andre Luis/Davis/Fernando Andrade/Samuel/Joao Carlos/Anderson/Dida/Savio/Lucas Ventura/
Henrique/Fabiano/Pastor/Aloisio Souza/Matheus/Ygor Nogueira/Thomas Luciano/Brenner/Rafael Santos/Luan/Jaja/Morato/Volnei Feltes/Matheus Pereira/Mansur/Lucas Flores/Alemao/Nathan/Evanilson/Matheus Aias/Talys/Jean Felipe
91%
LigaAbner/Raphinha/Savio/Fuzato/Lino/Couto/Paulista/Aznar/
Fernando/Junior/Pires/Marcao/Militao/Kaiky/Jose/Rodrygo/
Baptistao/Henrique/Tobias/Lazaro
81%
Ligue 1Ismaily/Douglas Augusto/Angelo/Marquinhos/Henrique/Igor Silva/Adson/Jeffinho/Neto Borges/Renan Lodi/Dante/Alexsandro Ribeiro/Marquinhos
80%
Serie AArthur/Walace/Kaio Jorge/Jonathan Silva/Brenner/Reinier/
Alex Sandro/Juan Jesus/Gabriel Strefezza/Matheus Henrique/
Danilo/Natan/Ederson/Ruan Tressoldi/Bremer/Junior Messias/
Paulo Azzi/Carlos Augusto/Charlys/Dodo/Felipe Anderson/Mateus Lusuardi
67%
Chinese Super LeagueOscar/Jadson/Marcao/Rodrigo Henrique/Fabio Lefundes/Bressan/Matheus Pato/Souza/Lucas Morelatto/Serginho/Farley Rosa/Felipe/Lucas Possignolo/Moises/Andrigo/Leonardo/Cryzan/Davidson
55%
Süper LigLeo Duarte/Guilherme/Thuram/Joao Figueiredo/Gustavo Sauer/Welinton/Lincoln/Junior Morais/Jackson/Luan Peres/Claudio Winck/Helton Leite/Rodrigo Becao/Richard/Naldo/Fred/Carlos Eduardo/Lucas Lima/Tete/Anderson Silva
17%
BundesligaRogerio/Tuta/Kaua Santos/Iago/Arthur/Danilo Soares/Bernardo
14%
Qatar Stars LeagueTabata/Murilo Ramos/Thiago Mendes/Edmilson Junior/Gabriel Pereira/Philippe Coutinho/Roger Guedes/Ivanildo/Guilherme/Rafinha/Paulo Otavio/Lyanco/Giovani
9%
EredivisieIgor Paixao/Diego Gustavo/Metinho/Rodrigo Guth/Mauro Junior/Andre Ramalho
5%

Distribution des résultats

Percentile par nombre de réponses

% des personnes avec chaque résultat

Votre développement - résultats

Vous n’avez pas pris ce quiz